=LDR 00000nam 2200000 4500 =001 INLIS000000000030090 =005 20130612132251 =008 ***********************************Ind** =035 ##$$0010-061300000030090 =041 ##$$a Ind =082 ##$$a 025.05 =090 ##$$a R 025.05, Bac b =245 ##$$a Baca, jurnal dokumentasi dan informasi vol 29 no 1 Juni 2005, Blasius Sudarsono...[ et.al.] =260 ##$$a 2005 $b Jakarta =300 ##$$a 86 hlm, 24 cm =650 ##$$a Perpustakaan - Jurnal =850 ##$$a NBPNMAT